| 000 | 00672nam a2200169 i 4500 | ||
|---|---|---|---|
| 001 | 163587 | ||
| 003 | ES-MaACL | ||
| 005 | 20230906212754.0 | ||
| 008 | 050714m18831885ck a | |||||||| ||spa d | ||
| 040 |
_aCAM _bspa _cCAM |
||
| 100 | 1 |
_aRivas, Medardo. _9131861 |
|
| 245 | 1 | 0 | _aObras de Medardo Rivas. |
| 260 |
_aBogota : _bFernando Pontón editor, _c1883-1885 ( _fImprenta de Medardo Rivas) |
||
| 300 |
_a2 v. ; _c25 cm. |
||
| 505 | 8 | _aContiene: T.I, Novelas, artículos de costumbres, variedades, poesías (II, 596 p., [1] h. de lám.) - T.II, Viajes por Colombia, Francia, Inglaterra y Alemania (694 p., [15] h. de lám.) | |
| 852 |
_aES-MaACL _jG-6863-64 _z-- Enc. hol. |
||
| 999 |
_c163587 _d163587 |
||